ბათუმის შოთა რუსთაველის სახელმწიფო უნივერსიტეტის ბიბლიოთეკა

საგადასახადო სამართლის საფუძვლები : (ბიბ.ჩანაწერი № 34902)

000 -ლიდერი
ფიქსირებული სიგრძის საკონტროლო ველი 00961nam a2200217Ia 4500
001 - საკონტროლო ნომერი
საკონტროლო ველი 729
003 - საკონტროლო ნომრის იდენტიფიკატორი
საკონტროლო ველი GE_BSU
005 - ბოლო ოპერაციის თარიღი და დრო
საკონტროლო ველი 20221222124356.0
008 - ფიქსირებული სიგრძის მონაცემთა ელემენტები - ზოგადი ინფორმაცია
ფიქსირებული სიგრძის საკონტროლო ველი 181216s2000||||ge |||||||||||||| ||geo||
020 ## - წიგნის საერთაშორისო სტანდარტული ნომერი
International Standard Book Number 9992800534
040 ## - კატალოგიზაციის წყარო
Transcribing agency GE_BSU
041 ## - ენის კოდი
Language code of text/sound track or separate title geo
080 ## - უნივერსალური ათობითი კლასიფიკაციის ინდექსი
Universal Decimal Classification number 347.7(0575.8) რ-72
100 ## - მთავარი ჩანაწერი - პიროვნების სახელი
Personal name როგავა, ზვიად
9 (RLIN) 9239
245 ## - ცნობა სათაურის შესახებ
Title საგადასახადო სამართლის საფუძვლები :
Remainder of title სახელმძღვ. პრაქტ. მუშაკებისა და სტუდ. /
Statement of responsibility, etc ზვიად როგავა ; [რედ.: ნუგზარ ქავთარაძე].
264 ## - წარმოების, გამოცემის, დისტრიბუციის და სხვა ცნობები
გამოცემის, წარმოების, დისტრიბუციის... ადგილი თბილისი :
გამოცემის, წარმოების, დისტრიბუციის... სახელწოდება ელფი,
გამოცემის, წარმოების, დისტრიბუციის... თარიღი 2000.
300 ## - ფიზიკური აღწერა
Extent 453 გვ.;
Other physical details 20 სმ.
653 ## - INDEX TERM--UNCONTROLLED
Uncontrolled term საგადასახადო სამართლი
700 ## - ADDED ENTRY--PERSONAL NAME
Personal name ქავთარაძე, ნუგზარ
Relator term რედაქტორი
9 (RLIN) 16526
942 ## - ADDED ENTRY ELEMENTS (KOHA)
Koha item type წიგნი
Source of classification or shelving scheme
ეგზემპლარები
ჩამოწერის სტატუსი დაკარგული ეგზემპლარის სტატუსი კლასიფიკაციის წყარო ან თაროზე გაწყობის სქემა დაზიანების სტატუსი არ გაიცემა მუდმივი მდებარეობა (დაცვის ადგილი) ამჟამინდელი ადგილსამყოფელი თაროზე განთავსების ადგილი შეძენის თარიღი ღირებულება, შესყიდვის ნორმალური ფასი სრული შენახვის შიფრი შტრიხკოდი ბოლო ოპერაციის თარიღი ეგზემპლარის მიმდევრობითი ნომერი (კეტერი?) ფასის ძალაში შესვლის თარიღი ეგზემპლარის სახეობა საჯარო შენიშვნა
          ბათუმის შოთა რუსთაველის სახელმწიფო უნივერსიტეტის მთავარი ბიბლიოთეკა ბათუმის შოთა რუსთაველის სახელმწიფო უნივერსიტეტის მთავარი ბიბლიოთეკა წიგნსაცავი 2018-12-17 15.00 347.7(075.8) რ-72 1057 2018-12-17 1057 2018-12-17 წიგნი 15 ლ.
          ბათუმის შოთა რუსთაველის სახელმწიფო უნივერსიტეტის მთავარი ბიბლიოთეკა ბათუმის შოთა რუსთაველის სახელმწიფო უნივერსიტეტის მთავარი ბიბლიოთეკა წიგნსაცავი 2023-01-25 8.00 347.7(0575.8) რ-72 63592 2023-01-25 63592 2023-01-25 წიგნი 8.00